| 000 | 01561nam2a22003611 4500 | ||
|---|---|---|---|
| 001 | v19\rc\1738942 | ||
| 005 | 20250619082610.0 | ||
| 035 | _a(NLR Aleph) 004889123 | ||
| 090 |
_a5251907 _c5251907 |
||
| 100 | _a20061204d1904 |||y0rusy50 ca | ||
| 101 | 0 | _arus | |
| 102 | _aRU | ||
| 105 | _aa z ||||| | ||
| 200 | 0 | _aВып. 3 | |
| 210 |
_d1904 _aБ. м. |
||
| 215 |
_a[2], 353-528 с., 5 л. ил. _cил. |
||
| 225 | 1 |
_a... _vВып. 39 |
|
| 461 | 0 |
_1001v19\rc\1738939 _12001#$aМлекопитающие$eПо Брэму и др. источникам$fСост. Е.А. Бихнер, б. ст. зоолог Зоол. музея Имп. Акад. наук. Вып. [1]-5$vВып. 3 _1700#1$aБихнер$bЕ. А.$f1861-1913$3RU\NLR\AUTH\770182150$gЕвгений Александрович$4220 _95607624 _aБихнер, Е. А. (1861-1913) _cСанкт-Петербург _d1902-1906 _fСост. Е.А. Бихнер, б. ст. зоолог Зоол. музея Имп. Акад. наук. Вып. [1]-5 _nБрокгауз-Ефрон _oПо Брэму и др. источникам _p5 т. _tМлекопитающие _vВып. 3 |
|
| 801 | 0 |
_aRU _bNLR _gpsbo |
|
| 801 | 0 |
_aRU _bRuMoRGB _2psbo |
|
| 801 | 1 |
_aRU _bProSoft-M _2rusmarc |
|
| 852 |
_aNLR _j34.7.2.67 |
||
| 899 |
_aRuMoRGB _jT 95/169 |
||
| 899 |
_aRuMoRGB _jU 365/37 |
||
| 899 |
_aRuMoRGB _jT 78/61 |
||
| 899 |
_aRuMoRGB _jU 314/46 |
||
| 899 |
_aRuMoRGB _jКл 68/33 |
||
| 899 |
_aRuMoRGB _jРб 1/348 |
||
| 899 | _aБАН | ||
| 899 | _aНБ СПбГУ | ||
| 942 | _cBOOK | ||
| 980 | _aNB | ||